The smallest snowman / (Record no. 4068)

MARC details
000 -LEADER
fixed length control field 01124cam a22003493a 4500
001 - CONTROL NUMBER
control field 4068
003 - CONTROL NUMBER IDENTIFIER
control field FISKH
005 - DATE AND TIME OF LATEST TRANSACTION
control field 20260304090547.0
008 - FIXED-LENGTH DATA ELEMENTS--GENERAL INFORMATION
fixed length control field 060510s2006 nyua j 000 0 eng d
010 ## - LIBRARY OF CONGRESS CONTROL NUMBER
LC control number 2006276288
020 ## - INTERNATIONAL STANDARD BOOK NUMBER
International Standard Book Number 0439816165
020 ## - INTERNATIONAL STANDARD BOOK NUMBER
International Standard Book Number 9780439816168
035 ## - SYSTEM CONTROL NUMBER
System control number (OCoLC)ocm67229018
040 ## - CATALOGING SOURCE
Original cataloging agency STM
Transcribing agency STM
Modifying agency DLC
050 00 - LIBRARY OF CONGRESS CALL NUMBER
Classification number MLCS 2006/44327
100 1# - MAIN ENTRY--PERSONAL NAME
Personal name Fisch, Sarah.
245 14 - TITLE STATEMENT
Title The smallest snowman /
Statement of responsibility, etc. by Sarah Fisch ; illustrated by Jim Durk.
260 ## - PUBLICATION, DISTRIBUTION, ETC.
Place of publication, distribution, etc. New York :
Name of publisher, distributor, etc. Scholastic,
Date of publication, distribution, etc. 2006.
300 ## - PHYSICAL DESCRIPTION
Extent 24 unnumbered pages :
Other physical details color illustrator ;
Dimensions 21 cm
490 0# - SERIES STATEMENT
Series statement Clifford's Puppy Days
505 ## - FORMATTED CONTENTS NOTE
Formatted contents note J<br/>
520 ## - SUMMARY, ETC.
Summary, etc. Who will win the biggest snowman contest? Could it be Clifford the tiny red puppy?
521 8# - TARGET AUDIENCE NOTE
Target audience note 480<br/>
Source Lexile estimate <br/>
521 8# - TARGET AUDIENCE NOTE
Target audience note J<br/>
Source Raz-Plus
650 #0 - SUBJECT ADDED ENTRY--TOPICAL TERM
Topical term or geographic name entry element Clifford (Fictitious character : Bridwell)
Form subdivision Juvenile fiction.
650 #0 - SUBJECT ADDED ENTRY--TOPICAL TERM
Topical term or geographic name entry element Snowmen
Form subdivision Juvenile fiction.
650 #0 - SUBJECT ADDED ENTRY--TOPICAL TERM
Topical term or geographic name entry element Contests
Form subdivision Juvenile fiction.
700 1# - ADDED ENTRY--PERSONAL NAME
Personal name Durk, Jim,
Relator term illustrator
906 ## - LOCAL DATA ELEMENT F, LDF (RLIN)
a 7
b cbc
c copycat
d 2
e ncip
f 20
g y-gencatlg
942 ## - ADDED ENTRY ELEMENTS (KOHA)
Source of classification or shelving scheme Dewey Decimal Classification
Koha item type Books
Suppress in OPAC No
Holdings
Withdrawn status Lost status Source of classification or shelving scheme Damaged status Not for loan Collection Home library Current library Shelving location Date acquired Total Checkouts Full call number Barcode Date last seen Date last checked out Copy number Price effective from Koha item type
    Dewey Decimal Classification     Juvenile Fiction Footprints International School Library Network Toul Kork Campus Footprints International School Library Network Toul Kork Campus TK Primary Library Room(4th Floor), Bookcase 1&2, Shelves 1-16, Dark Blue Books 06/05/2024 5 FIS 533 F528 FISTK03853 02/11/2026 02/04/2026 1 06/05/2024 Books
    Dewey Decimal Classification     Juvenile Fiction Footprints International School Library Network Toul Tom Poung Campus Footprints International School Library Network Toul Tom Poung Campus TTP Primary Dark Blue Bookshelves 03/04/2026   FIS 533 F528 FIS02990 03/04/2026   2 03/04/2026 Books